00386nam a2200181Ia 4500003000900000008004100009040001300050040001300063041000800076100001700084245003800101250001000139260002100149260000900170300000800179490000900187490000800196IT-RoPAU120407s9999 xx 000 0 und d aIT-RoPAU cIT-RoPAU aita aHenri Rollet aIl lavoro, gli operai e la Chiesa aRoma  aEdizioni Paoline c1960 c cm aEcuo v103